000 00972nam a22002537a 4500
005 20240530110627.0
008 170105s2012 ua g b 000 0 ara d
017 _a11286/2012
_bمصر. دار الكتب
020 _a9789772739628
040 _aEG-CaGPL
_cEG-CaGPL
082 0 4 _221
_a301\
_bع م
100 0 _aعلى عبدالرازق جلبى
245 1 2 _aالمناهج الكمية و الكيفية فى علم الاجتماع /
_cتاليف على عبدالرازق جلبى
260 _aالاسكندرية :
_bدار الجامعة الجديدة ،
_c2012.
300 _a288 ص. ؛
_c24 سم.
650 0 7 _2qrmak
_aالاجتماع
_xعلم
650 0 7 _2qrmak
_aالسلوك الاجتماعى
650 0 7 _2qrmak
_aالتنمية الاجتماعية
650 0 7 _2qrmak
_aالانثروبواوجيا
650 0 7 _2qrmak
_aالتغير الاجتماعى
651 _2qrmak
942 _2ddc
_cBK
999 _c63169
_d63169